=LDR 00000nam 2200000 4500 =001 NUTBA000000000002237 =005 20140610085138.0 =006 =007 =008 =020 ##$$a 978-602-98188-1-9 =035 ##$$0010-061400000000180 =040 ##$$a NBPDMAT =082 ##$$a 636.3 =090 ##$$a 636.3 $b Eko c =100 ##$$a Eko Susilo =245 ##$$a Cara sukses memulai dan menjalankan usaha ternak kambing (berbagai jenis kambing) $c Eko Susilo =260 ##$$a Jogyakarta : $b Trans Idea, $c 2013 =300 ##$$a 116 hlm. ; $c 21 cm. =650 ##$$a Kambing - Ternak =850 ##$$a NBPDMAT =990 ##$$a 21401132 =990 ##$$a 0001/BPAP-NTB/2015